SISTEMA DE BIBLIOTECAS


La práctica de un oficio como forma de resistencia : (Record no. 63580)

MARC details
000 -CABECERA
campo de control de longitud fija 02463nmm a2200313 a 4500
001 - NÚMERO DE CONTROL
campo de control 045188
003 - IDENTIFICADOR DEL NÚMERO DE CONTROL
campo de control UAHC_CL
005 - FECHA Y HORA DE LA ÚLTIMA TRANSACCIÓN
campo de control 20260410105103.0
008 - DATOS DE LONGITUD FIJA--INFORMACIÓN GENERAL
campo de control de longitud fija 260410s2024 cl o d 000 spa
040 ## - FUENTE DE LA CATALOGACIÓN
Centro catalogador/agencia de origen UAHC_CL
Centro/agencia transcriptor UAHC_CL
Centro/agencia modificador UAHC_CL
100 ## - ENTRADA PRINCIPAL--NOMBRE DE PERSONA
Nombre de persona Lira Goldenberg, María José
9 (RLIN) 23253
245 13 - MENCIÓN DE TÍTULO
Título La práctica de un oficio como forma de resistencia :
Resto del título la cestería en quilineja de Chiloé
Mención de responsabilidad, etc. María José Lira Goldenberg ; profesora guía Milena Gallardo Villegas.
264 ## - PRODUCCIÓN, PUBLICACIÓN, DISTRIBUCIÓN, FABRICACIÓN Y COPYRIGHT
Producción, publicación, distribución, fabricación y copyright Santiago, Chile :
Nombre del de productor, editor, distribuidor, fabricante Universidad Academia de Humanismo Cristiano,
Fecha de producción, publicación, distribución, fabricación o copyright 2024.
300 ## - DESCRIPCIÓN FÍSICA
Extensión 109 páginas.
500 ## - NOTA GENERAL
Nota general Tesis para optar al Grado de Magíster en Arte Popular Latinoamericano.
502 ## - NOTA DE TESIS
Nota de tesis Tesis (Magíster en Arte Popular y Latinoamericano)--Universidad Academia de Humanismo Cristiano, 2024.
516 ## - NOTA DE TIPO DE ARCHIVO DE ORDENADOR O DE DATOS
Nota de tipo de archivo de ordenador o de datos Tesis electrónica (PDF). Solicitar envío de documento a biblioteca@academia.cl.
520 ## - SUMARIO, ETC.
Sumario, etc. En un mundo dominado por el modelo económico capitalista, los oficios artesanales como la cestería representan mucho más que simples prácticas productivas: son actos de resistencia cultural, política y social. La quilineja, en particular, cobra vida entre las manos de quienes tejen; su flexibilidad, resistencia y carga histórica conectan tradiciones ancestrales con un discurso crítico hacia las dinámicas de producción industrial. Este tejido artesanal, moldeado con técnicas heredadas, no solo constituye un patrimonio inmaterial, sino también un vehículo de identidad y memoria, capaz de cuestionar las lógicas del capitalismo y proponer una alternativa de conexión con la naturaleza y la comunidad, como otra forma de vida posible. Esta investigación analiza el valor simbólico, material y sociopolítico de la cestería en quilineja, explorando su potencial como práctica de resistencia cultural frente al sistema económico actual. A través de esta técnica artesanal, se busca reflexionar sobre cómo preserva tradiciones ancestrales al tiempo que ofrece un discurso crítico y una herramienta cultural que dialoga con los desafíos contemporáneos.
650 #0 - PUNTO DE ACCESO ADICIONAL DE MATERIA--TÉRMINO DE MATERIA
Término de materia o nombre geográfico como elemento de entrada Artesanía natural
9 (RLIN) 8820
650 #0 - PUNTO DE ACCESO ADICIONAL DE MATERIA--TÉRMINO DE MATERIA
Término de materia o nombre geográfico como elemento de entrada Patrimonio cultural inmaterial
9 (RLIN) 23255
653 ## - TÉRMINO DE INDIZACIÓN--NO CONTROLADO
Término no controlado Artes tradicionales
653 ## - TÉRMINO DE INDIZACIÓN--NO CONTROLADO
Término no controlado Resistencia cultural
653 ## - TÉRMINO DE INDIZACIÓN--NO CONTROLADO
Término no controlado Cestería en quilineja
653 ## - TÉRMINO DE INDIZACIÓN--NO CONTROLADO
Término no controlado Tejido artesanal
653 ## - TÉRMINO DE INDIZACIÓN--NO CONTROLADO
Término no controlado Saberes tradicionales
700 ## - PUNTO DE ACCESO ADICIONAL--NOMBRE DE PERSONA
Nombre de persona Gallardo Villegas, Milena
9 (RLIN) 6208
Término indicativo de función/relación profesora guía
900 ## - ELEMENTOS DE DATOS A LOCAL, LDA (RLIN)
Nombre de persona TMAPL 12
942 ## - ELEMENTOS DE PUNTO DE ACCESO ADICIONAL (KOHA)
Tipo de ítem Koha Tesis
Fuente del sistema de clasificación o colocación Dewey Decimal Classification
Holdings
Estado de retiro Estado de pérdida Estado dañado No para préstamo Código de colección Carrera Localización permanente Ubicación/localización actual Ubicación en estantería Fecha de adquisición Total de préstamos Signatura topográfica completa Fecha visto por última vez Precio válido a partir de Tipo de ítem Koha Nota pública
        Bibliografía Complementaria Magíster en arte popular latinoamericano Biblioteca Central Biblioteca Central Colección Digital 2026-04-10   TMAPL 12 2026-04-10 2026-04-10 Tesis Documento en PDF



©2023 Unidad de Procesos Comunicacionales / Universidad Academia de Humanismo Cristiano